00454 a2200097 4500001001000000005001700010008004100027245019500068100002200263773007100285ART_2815520260410161951.0260409a 10aComentario a la ley 26993 de constitución de nuevos fueros judiciales nacionales para "encausar y dar solución a las controversias originadas en el ámbito de las relaciones de consumo"1 aAgnello, Pablo S.0 tTemas de derecho comercialg- Año 1, Nº 2 (feb. 2015)wREV28151